The adversaries /

Shranjeno v:
Bibliografske podrobnosti
Glavni avtor: Bennetts, Pamela, 1922-
Format: Knjiga
Jezik:English
Izdano: London : Hale, 1969.
LEADER 00740nam a2200217 a 4500
001 c000093815
003 CARM
005 00000000000000.0
008 940519s1969 enk 00011 eng d
019 1 |a 10893880  |5 LACONCORD2021 
020 |a 0709107137 
035 |a (OCoLC)30299748  |5 LACONCORD2021 
040 |a VLINC  |c VLINC 
100 1 |a Bennetts, Pamela,  |d 1922- 
245 1 4 |a The adversaries /  |c Pamela Bennetts. 
260 |a London :  |b Hale,  |c 1969. 
300 |a 252 p. ;  |c 21 cm. 
852 8 |b CARM  |h A2:AB23G0  |i A01163  |p 0110649  |f BK 
082 0 4 |a 813.54  |2 20 
999 f f |i 7af4c5d7-c3a5-5e15-8cec-5ad0af1b3e6b  |s 60643f84-4fb9-50b1-acc9-dadc62bddd1f 
952 f f |p Can circulate  |a CAVAL  |b CAVAL  |c CAVAL  |d CARM 1 Store  |e A01163  |f A2:AB23G0  |h Other scheme  |i book  |m 0110649